Fundamentals of research : (Record no. 56632)

MARC details
000 -LEADER
fixed length control field 00978nam a22002417a 4500
005 - DATE AND TIME OF LATEST TRANSACTION
control field 20110915151412.0
008 - FIXED-LENGTH DATA ELEMENTS--GENERAL INFORMATION
fixed length control field 110915t xxu||||| |||| 00| 0 eng d
010 ## - LCCN (DPL NO)
LC control number ENG-103694
020 ## - INTERNATIONAL STANDARD BOOK NUMBER
International Standard Book Number 9788184504033
Terms of availability 1600.00
035 ## - SYSTEM CONTROL NUMBER
System control number EN-87227
037 ## - SOURCE OF ACQUISITION
Source of stock number/acquisition DBAD/PUB
040 ## - CATALOGING SOURCE
Original cataloging agency DPL
Language of cataloging Eng
082 ## - DEWEY DECIMAL CLASSIFICATION NUMBER
Classification number 001.42072
100 ## - MAIN ENTRY--PERSONAL NAME
9 (RLIN) 34730
Personal name Venkatamuni Reddy, R.
245 ## - TITLE STATEMENT
Title Fundamentals of research :
Statement of responsibility, etc by R. Venkatamuni Reddy
Remainder of title concepts of research methodology, statistics, econometrics and mathematics /
260 ## - PUBLICATION, DISTRIBUTION, ETC. (IMPRINT)
Place of publication, distribution, etc New Delhi
Name of publisher, distributor, etc Deep and Deep Publications
Date of publication, distribution, etc 2011
270 ## - ADDRESS
Address F-159, Rajouri Garden
City New Delhi
Postal code 110027
300 ## - PHYSICAL DESCRIPTION
Extent xI,481p.
Dimensions 24cm (Hb)
500 ## - GENERAL NOTE
General note Includes bibliographical references
700 ## - ADDED ENTRY--PERSONAL NAME
9 (RLIN) 34731
942 ## - ADDED ENTRY ELEMENTS (KOHA)
Source of classification or shelving scheme Dewey Decimal Classification
Item type English Books
Call number suffix VEN
Classification part 001.42072
Holdings
Withdrawn status Lost status Source of classification or shelving scheme Damaged status Not for loan Collection code Home library Current library Date acquired Source of acquisition Cost, normal purchase price Total Checkouts Full call number Barcode Date last seen Copy number Cost, replacement price Koha item type
    Dewey Decimal Classification   Not For Loan Non-fiction D.B.Act.Division D.B.Act.Division 15/09/2011 DBAD/PUB 1600.00   001.42072 VEN EN-87227 15/09/2011 1 1600.00 English Books

© Delhi Public Library
Hit Counter
free hit counter